Bears : their biology and management : a selection of papers and discussion from the Second International Conference on Bear Research and Management held at the University of Calgary, Alberta, Canada, 6 to 9 November, 1970, under the sponsorship of the Envirionmental Sciences Center (Kananaskis) and the University of Calgary /

Bibliographic Details
Corporate Author: International Conference on Bear Research and Management Alberta
Other Authors: Herrero, Stephen
Format: Conference Proceeding Book
Language:English
Published: Morges, Switzerland : International Union for Conservation of Nature and Natural resources, 1972.
Series:IUCN publications ; new ser., no. 23.
Subjects:

MARC

Tag First Indicator Second Indicator Subfields
LEADER 00000cam a2200000 i 4500
001 in00000081613
005 20151008053020.0
008 740314s1972 sz af b 10110 eng d
035 |a (OCoLC)00831304 
035 |9 AAH5865AM 
040 |c OSU  |d TXA  |d UtOrBLW 
049 |a TXAM 
090 |a QL737.C27  |b I56 1970 
111 2 |a International Conference on Bear Research and Management  |n (2d :  |d 1970 :  |c Alberta) 
245 1 0 |a Bears :  |b their biology and management : a selection of papers and discussion from the Second International Conference on Bear Research and Management held at the University of Calgary, Alberta, Canada, 6 to 9 November, 1970, under the sponsorship of the Envirionmental Sciences Center (Kananaskis) and the University of Calgary /  |c edited by Stephen Herrero. 
264 1 |a Morges, Switzerland :  |b International Union for Conservation of Nature and Natural resources,  |c 1972. 
300 |a 371 pages :  |b illustrations ;  |c 24 cm. 
336 |a text  |b txt  |2 rdacontent 
337 |a unmediated  |b n  |2 rdamedia 
338 |a volume  |b nc  |2 rdacarrier 
490 1 |a IUCN publications ; new ser., no. 23 
504 |a Includes bibliographies and index. 
650 0 |a Bears  |x Congresses. 
650 0 |a Wildlife management  |v Congresses. 
700 1 |a Herrero, Stephen. 
830 0 |a IUCN publications ;  |v new ser., no. 23. 
999 |a MARS 
999 f f |s 095a9971-25c5-370c-aa30-52e5336fe51c  |i df5d1e97-a183-32c9-8bb3-ef568aada0ba  |t 0 
952 f f |p ric  |a Texas A&M University  |b Rellis Campus  |c Joint Library Facility  |d Remote Storage  |t 0  |e QL737.C27 I56 1970  |h Library of Congress classification  |i unmediated -- volume  |m A14804971357 
998 f f |a QL737.C27 I56 1970  |t 0  |l Remote Storage